| 000 | 00648nam a2200205 a 4500 | ||
|---|---|---|---|
| 001 | 1908 | ||
| 003 | CDMR | ||
| 005 | 20131106100052.0 | ||
| 008 | 130130s1969||||||||||||||||||||||||||||d | ||
| 040 |
_aCDMR _bcat _cCDMR |
||
| 100 | 1 |
_aBlanchard, Gérard _91424 |
|
| 245 | 1 | 3 |
_aLa bande dessinée _b: histoire des histoires en images de la préhistoire à nos jours _cGérard Blanchard |
| 260 |
_aVerviers _c1969 _bGérard & Cia. |
||
| 300 |
_a303 p. _bil. |
||
| 490 | 0 |
_aMarabout Université _v179 |
|
| 650 | 0 | 4 |
_93313 _aCòmics _xHistòria i crítica |
| 650 | 0 | 4 |
_94244 _aCrítica d'art |
| 650 | 0 | 4 |
_93737 _aComunicació visual _xHistòria |
| 942 |
_cMON _2udc |
||
| 999 |
_c1908 _d1908 |
||